Score 0/20 Timer 03:00
10 Plays Today
% Correct
Mass
94.1%
Species
93.6%
Common
93.2%
Cell
90.7%
Protection
86.3%
Access
84.7%
Resonance
83.8%
Genome
83.7%
Mean
82.8%
Acid
78.8%
% Correct
Positioning
78.4%
Cruciate
72.6%
Uncertainty
66.9%
Endoplasmic
63%
Serial
62.7%
Covalent
61.4%
Earth
56.4%
Field
54.4%
Ionization
48.2%
Circulation
42.9%
Remove Ads.
Support Sporcle.
Get the best of Sporcle when you Go Orange. This ad-free experience offers more features, more stats, and more fun while also helping to support Sporcle. Thank you for becoming a member.

You're not logged in!

Compare scores with friends on all Sporcle quizzes.
OR
Log In

Show Comments

Extras

Top Quizzes Today


Score Distribution

Your Account Isn't Verified!

In order to create a playlist on Sporcle, you need to verify the email address you used during registration. Go to your Sporcle Settings to finish the process.

Report this User

Report this user for behavior that violates our Community Guidelines.

Details: